| 000 | 01009nam a2200253 4500 | ||
|---|---|---|---|
| 001 | 177436 | ||
| 003 | ES-MaACL | ||
| 005 | 20251001143749.0 | ||
| 008 | 110322s2010 sp a |||| |bspa d | ||
| 017 | _aM-53018-2010 | ||
| 020 | _a9788492502202 | ||
| 080 | _a929 Herrera Petere, José (063) | ||
| 245 | 0 | 0 |
_aJosé Herrera Petere, vanguardia y exilio _b: actas del I Congreso Internacional, Guadalajara, octubre de 2009. |
| 260 |
_aGuadalajara : _bDiputación Provincial, _c2010. |
||
| 300 |
_a286 p. : _bil. ; _c24 cm. |
||
| 504 | _aReferencias bibliográficas. | ||
| 546 | _aTextos en español; anexos en francés y español. | ||
| 600 | 1 | 7 |
_aHerrera Petere, José, _d1909-1977- _vCongresos y asambleas _2 _9145812 |
| 710 | 2 |
_aGuadalajara (Provincia). _bDiputación Provincial _94550 |
|
| 852 |
_aES-MaACL _9R.146842 _dOlim:N-4073 _jA-11068 _cDEPO1 _xDonación: José Esteban |
||
| 903 |
_aEsteban, José, _d1935- _ednr _948033 |
||
| 942 |
_2udc _cMONOGRAFIA |
||
| 999 |
_c177436 _d177436 |
||